Quizzes
Events
Quiz Creation
Community
Videos
Private Events
Remove Ads
Sign In
Join for FREE
Feedback
Dark Mode
Quiz Categories
Sports
Geography
Music
Movies
Television
Just For Fun
Miscellaneous
History
Literature
Language
Science
Gaming
Entertainment
Religion
Holiday
For Kids
Quiz Lab
Recent
Popular Today
Quiz Kudos Today
Editor Picks
Curator Picks
Quizzes by...
Day
Popularity
Type
Ratings
Length
Year
Community
Subscriptions
Recent Discussions
Orange Saloon
Badges
Playlists
Quests
Create
Leaderboards
Showdown
Live 5
Trivia Bingo
Activity
Puzzle Library
Sporcle Events
Private Events
Virtual Trivia
Globe League
Become a Host
Pub Owners
SporcleCon
Opinionation
Our Games
Videos
Blog
Mobile Apps
Partnerships
Remove Ads and Go Orange
Feedback
Music
Pop Music
The Beatles
Song
Album
Lyrics
Bands
Singers
Artist
Clip
Rock
Rap
Classical
Billboard
Country Music
Kpop
Taylor Swift
Music
Pop Music
The Beatles
Song
Album
Lyrics
Bands
Singers
Artist
Clip
Rock
Rap
Classical
Billboard
Country Music
Kpop
Taylor Swift
Random Quiz
Search Sporcle
×
Quiz Lab
Quiz Lab
Music
Artist
Type in answers that appear in a list
Type in answers that appear in a list
Classic
Best Score? Go Orange.
Name The Band Stats
Can you name the Name The Band (Based on Album Name)?
By
nowaybrah76
5m
30 Questions
262 Plays
262 Plays
262 Plays
Comments
Comments
Give Quiz Kudos
Give Quiz Kudos
-
- Ratings
hide this ad
Replay
Link that replays current quiz
Next Quiz
Link to next quiz in quiz playlist
You Got
0%
They Got
Avg Score
44%
Avg Friend Score
Upgrade to see
Score Distribution
Jump to the score distribution portion of the page
Score
0/30
Timer
05:00
0
Plays Today
Album
Artist
% Correct
Viva La Vida
Coldplay
84%
The Wall
Pink Floyd
79.4%
Every Breath You Take
The Police
79%
Revolver
The Beatles
77.5%
Houses of The Holy
Led Zeppelin
77.1%
Goodbye Yellow Brick Road
Elton John
76%
Tommy
The Who
72.5%
Kid A
Radiohead
70.6%
Morrison Hotel
The Doors
63.4%
Use Your Illusion
Guns n' Roses
58.4%
Forty Licks
Rolling Stones
57.6%
1984
Van Halen
48.5%
Runnin' Down A Dream
Tom Petty and The Heartbreakers
45%
Crash
Dave Matthews Band
43.5%
A Day At The Races
Queen
43.5%
Album
Artist
% Correct
The Stranger
Billy Joel
40.5%
Permanent Vacation
Aerosmith
37.4%
Axis: Bold As Love
The Jimi Hendrix Experience
37%
Funeral
Arcade Fire
35.5%
Is This It?
The Strokes
31.7%
All Things Must Pass
George Harrison
29%
Modern Times
Bob Dylan
28.6%
Yankee Hotel Foxtrot
Wilco
28.6%
Aja
Steely Dan
27.5%
Wingspan
Paul McCartney
15.3%
Street Survivors
Lynyrd Skynyrd
13.7%
One Trick Pony
Paul Simon
10.7%
Wedding Album
John Lennon and Yoko Ono
8%
Victory
Jackson 5
6.5%
Slow Down Old World
Willie Nelson
2.3%
Quiz Playlist
Details
Report
Send in Message
Add To Playlist
Classic:
Type in answers that appear in a list
Last Updated: Feb 16, 2017
Quiz Scoreboard
CHALLENGE
Sign Up to Join the Scoreboard
Show All
Scores
Hide
Comments
May contain spoilers
Recently Published
Movies - When Are They Set?
by FPL_Elf
Movies
5m
Popular People in 1961
by mucciniale
History
6m
1-10 Letter E Words III
by El_Dandy
Language
2m
More to Explore
Quiz From the Vault
Featured Blog Post
Where Did the Easter Bunny Come From?
hide this ad
You Might Also Like...
Tags
Album Quiz
Artist Quiz
Bands Quiz
The Band
Today's Top Quizzes in Music
Browse Music
hide this ad
Today's Top Quizzes in Artist
Browse Artist
Top Contributed Quizzes in Music
1
Taylor Swift All Songs (2024)
2
2010s Album by Cover III
3
One Thing in Common: Music
4
Guess the Artist- 70s Songs
5
Taylor Swift Logic Puzzle
6
Guess the Taylor Swift song (Mystery Song)
7
2010s Album by Cover IV
8
2010s Album by Cover V
9
KPOP LOGIC QUIZ
10
2010s Album by Cover VI
Explore More
Trending Topics
Harry Potter
Kpop
Anime
Disney
Marvel
NBA
Crossword
Pokémon
Song
Country
NFL
The Office
Soccer
WWE
Puzzle
hide this ad
More By:
nowaybrah76
Quiz
Plays
Rating
Category
Featured
Created
10 Best Overall Records In Baseball
718
2.89
Sports
Jul 22, 2010
Worst Record in Baseball History
440
3.90
Sports
Jul 21, 2010
Name The Band
262
4.10
Music
Jul 22, 2010
Most Consecutive Playoff Appearances
173
3.78
Sports
Jul 22, 2010
Alcoholics Anonymous
123
Just For Fun
Mar 29, 2011
Go to Creator's Profile
Score Distribution
Quiz Creator Spotlight
nowaybrah76
Follow
Send a Message
Quizzes Created
-
Created Quiz Play Count
-
More By This Creator
Popular Quizzes Today
1
Find the US States - No Outlines Minefield
2
Find the Countries of Europe - No Outlines Minefield
3
The Countries of the World
4
Popular People in 1961
5
1-10 Letter E Words III
6
US States
7
Find the US States
8
One Thing in Common: World Cities II
More Music Quizzes
'C' Named Bands & Musicians
Published
Trending Quizzes
Risky Map Clicking: Least Populous States A-Z
1-10 Letter F Words
Humor Books: The Subtitles
1-10 Letter G Words
One Thing in Common: United Kingdom
Recently Updated
Leaping Animals
pecheneg
Reality TV Shows (A-Z)
bhenderson79
Rickey Henderson's Hall of Fame Teammates
pecheneg
Champions League XIs: Arsenal
pecheneg
Quick Pick: Celebrities in WWE's Hall of Fame
aduchscher
A-Z Keypad Blitz II
pecheneg
Multiple Oscar Actors
pecheneg
Mystery Phrase Blitz: Oscar 'Best Actors'
pecheneg
F. Scott Fitzgerald Novels
LTH
Pick 3 Villains
ddd62291
Trending Topics
Harry Potter
NBA
Marvel
Crossword
Disney
Anime
Kpop
Country
The Office
Soccer
WWE
Puzzle
Pokémon
NFL
Song
Your Account Isn't Verified!
In order to create a playlist on Sporcle, you need to verify the email address you used during registration. Go to your
Sporcle Settings
to finish the process.
Report this User
Report this user for behavior that violates our
Community Guidelines
.
Details:
Send Report
Go to the Sporcle.com Mobile Site →
Comments